Statistics for World Capitals Closest to Taipei

Click here to take the quiz!

General Stats

  • This quiz has been taken 24 times
  • The average score is 18 of 20

Answer Stats

kmcapitalmiles% Correct
1722Beijing1070
100%
1160Manila721
100%
2543Bangkok1580
96%
1667Hanoi1036
96%
1601Pyongyang995
96%
1491Seoul953
96%
3250Singapore2019
96%
2849Ulaanbaatar1771
96%
3760Dili2337
91%
3829Jakarta2379
91%
3611Kathmandu2244
91%
3237Kuala Lumpur2011
91%
2105Tokyo1308
91%
2308Vientiane1434
91%
2676Naypyidaw1663
87%
3188Thimphu1981
87%
3155Dhaka1960
83%
2310Phnom Penh1436
78%
2348Bandar Seri
Begawan
1459
74%
2395Ngerulmud1488
61%

Score Distribution

Percentile by Number Answered

Percent of People with Each Score

Your Score History

You have not taken this quiz